The humanistic tradition

In it's broadest sense, the term humanistic tradition refers to humankid's cultural legacy - the sum total of the significant ideas and achievements handed down from generation to generation. This tradition is the product of responses to conditions that have confronted all people througho...

ver descrição completa

Na minha lista:
Detalhes bibliográficos
Autor principal: Fiero, Gloria K.
Formato: Livro
Idioma:Undetermined
Publicado em: New York McGraw-Hill 2006
Assuntos:
Tags: Adicionar Tag
Sem tags, seja o primeiro a adicionar uma tag!
Thư viện lưu trữ: Trung tâm Học liệu Trường Đại học Cần Thơ
LEADER 00939nam a2200217Ia 4500
001 CTU_179561
008 210402s9999 xx 000 0 und d
020 |c 39.79 
082 |a 909.09821 
082 |b F465/B.3 
100 |a Fiero, Gloria K. 
245 4 |a The humanistic tradition 
245 0 |c Gloria K. Fiero 
260 |a New York 
260 |b McGraw-Hill 
260 |c 2006 
520 |a In it's broadest sense, the term humanistic tradition refers to humankid's cultural legacy - the sum total of the significant ideas and achievements handed down from generation to generation. This tradition is the product of responses to conditions that have confronted all people throughout history 
650 |a Civlization, Western,Humanism,Vản minh, Phương tây,Chủ nghĩa nhân văn 
650 |x History,History,Lịch sử,Lịch sử 
904 |i Nhung 
980 |a Trung tâm Học liệu Trường Đại học Cần Thơ